• 首页
  • 本馆介绍
  • 公告通知
  • 最新文献
  • 馆藏检索
  • 电子资源
  • 读者导购
  • 参考咨询
  • 我的图书馆
  • 登录
  • 详细信息显示
  • 放入我的书架
  • 预约/预借图书
  • 作者相关作品
  • 分类相关作品
  • 丛书相关作品
  • 出版社相关作品

书目信息

  • 表格格式
  • 工作单格式
  • 卡片格式
题名:
水暖维修工
    
 
作者: 李秋富 编
分册:  
出版信息: 北京   中国建筑工业出版社  1977
页数: 289页
开本: 19cm
丛书名: 安装工人技术学习丛书
单 册:
中图分类: TU832
科图分类:
主题词: 建筑--维修--空气调节 , 房屋建筑设备:空气调节设备 , 房屋建筑设备:采暖设备 , 建筑--通风 , 房屋建筑设备:通风设备
电子资源:
ISBN:
000 00805nam2 2200289 45
001 0177002615
005 20060303100338.14
010    @dCNY0.60
100    @a19951024d1977 em y0chiy0121 ea
101 0  @achi
102    @aCN@b110000
105    @ay z 000yy
200 10 @a水暖维修工@Ashui nuan wei xiu gong@f李秋富编@Fli qiu fu bian
210    @a北京@c中国建筑工业出版社@d1977
215    @a289页@d19cm
225 2  @a安装工人技术学习丛书
410  0 @120010@a安装工人技术学习丛书
606    @a建筑@x维修@x空气调节
606 0  @a房屋建筑设备:空气调节设备
606 0  @a房屋建筑设备:采暖设备
606 0  @a建筑@x通风
606 0  @a房屋建筑设备:通风设备
690    @aTU832@v3
701  0 @a李秋富@Ali qiu fu@4编
801  2 @aCN@bNLC@c20060303
801  0 @aCN@bTSSF
905    @a10447@dTU832@e1
    
    水暖维修工/李秋富编.-北京:中国建筑工业出版社,1977
    289页;19cm.-(安装工人技术学习丛书)
    
    
    ISBN :CNY0.60
    
●
相关链接 在E读中查询图书 在五车中查询图书 在当当中查询图书 在豆瓣中查询图书


正题名:水暖维修工     索取号:TU832/1         预约/预借

序号 登录号 条形码 馆藏地/架位号 状态 备注
1 0033125   001481649   密集书库/ [索取号:TU832/1] 在馆    
2 0033127   001481578   密集书库/ [索取号:TU832/1] 在馆    
唐山师范学院图书馆 欢迎您!
大连网信软件有限公司© 版权所有